1485 1452 1901 1073 1925 1590 1409 1590 1362 1128 1045 1638 1681 1314 1052 1069 1997 1539 1743 1118 1875 1113 1062 1882 1780 1151 1205 1763 1061 1326 1659 1651 1919 1552 1802 1329 1378 1961 1145 1865 1852 1750 1805 1943 1590 1980 1665 1903 1821 1245 1125 1299 1015 1943 1101 1085 1823 1009 1347 1493 1220 1185 1104 1469 1544 1548 1287 1171 1105 1464 1922 1160 1384 1372 1121 1669 1338 1227 1943 1368 1410 1155 1763 1000 1441 1075 1013 1107 1404 1129 1344 1868 1653 1125 1791 1081 1409 1898 1563 BCNSPRNW ULIB Ver.6.0+V

เปลี่ยนเป็นภาษาไทย

Change to English
 แสดงรายละเอียดบรรณานุกรม
  กลับหน้าหลัก

Brief Record : Get Marc (ISO 2709) : E-mail record : QR code < ปิดหน้าต่าง
LEADER : 00000nam 2200000uu 4500
001    13399127931
003     ULIB
008    211115s2021||||th 000 0 tha d
020    ^a9780323683302
060 04 ^aWQ200.1^bG112
245 00 ^aGABBE s OBSTERICS STUDY GUIDE A Companion to the 8th Edition /^c[edited by] Anthony Sciscione ... [et al.]
250    ^a8th ed.
260    ^aPhiladelphia :^bElsevier,^c2021
300    ^axviii, 338 p. :^bill. ;^c29 cm.
650  2 ^aObstetrics
945    ^p2694^l0^i008518
999    ^aประนอม เกษจรัล
รายการนี้ยังไม่มีแท็ก
คุณยังไม่ได้ล็อกอิน คุณสามารถมีกิจกรรมร่วมกับเว็บไซต์ได้ แต่ต้องล็อกอินก่อน ::
  ล็อกอิน

รายการสื่อสารสนเทศ

ลำดับที่ ประเภท เลขเรียก/บาร์โค้ด สถานที่ สถานะ
1. วิทยาศาสตร์การแพทย์ และสุขภาพ
หนังสือสำรอง
สถานะ=หนังสือสำรอง
WQ200.1 G112 ฉ.1 
  Barcode: 008518
ห้องสมุดวิทยาเขตสวรรค์ประชารักษ์
►หนังสือทั่วไป
บนชั้น

รายการใกล้เคียง
    หัวเรื่อง [Obstetrics]

BibComment


ยังไม่เคยถูกคอมเมนท์

คอมเมนท์ทรัพยากรรายการนี้
  คอมเมนท์: GABBE s OBSTERIC..


 Copyright 2026. Bcnsprnw @Library